<?xml version="1.0" encoding="UTF-8"?>
<record
    xmlns:xsi="http://www.w3.org/2001/XMLSchema-instance"
    xsi:schemaLocation="http://www.loc.gov/MARC21/slim http://www.loc.gov/standards/marcxml/schema/MARC21slim.xsd"
    xmlns="http://www.loc.gov/MARC21/slim">

  <leader>01167nam a2200289 a 4500</leader>
  <controlfield tag="001">38555</controlfield>
  <controlfield tag="003">BD-RjUL</controlfield>
  <controlfield tag="005">20211209052821.0</controlfield>
  <controlfield tag="008">151230s1960    ii       b    000 0 beno </controlfield>
  <datafield tag="035" ind1=" " ind2=" ">
    <subfield code="a">(BD-RjUL)38660</subfield>
  </datafield>
  <datafield tag="040" ind1=" " ind2=" ">
    <subfield code="a">DLC</subfield>
    <subfield code="c">DLC</subfield>
    <subfield code="d">DLC</subfield>
    <subfield code="b">eng</subfield>
  </datafield>
  <datafield tag="041" ind1=" " ind2=" ">
    <subfield code="a">eng</subfield>
  </datafield>
  <datafield tag="082" ind1=" " ind2=" ">
    <subfield code="a">954.1403 </subfield>
    <subfield code="b">SEN 1960</subfield>
    <subfield code="2">23</subfield>
  </datafield>
  <datafield tag="100" ind1="2" ind2=" ">
    <subfield code="a">&#x9B8;&#x9C7;&#x9A8;&#x997;&#x9C1;&#x9AA;&#x9CD;&#x9A4;, &#x9AA;&#x9CD;&#x9B0;&#x9AE;&#x9CB;&#x9A6;&#x9B0;&#x99E;&#x9CD;&#x99C;&#x9A8;  </subfield>
    <subfield code="9">119001</subfield>
  </datafield>
  <datafield tag="245" ind1="1" ind2="0">
    <subfield code="a">&#x9A8;&#x9C0;&#x9B2; &#x9AC;&#x9BF;&#x9A6;&#x9CD;&#x9B0;&#x9CB;&#x9B9; &#x9AC;&#x9BE;&#x999;&#x9CD;&#x997;&#x9BE;&#x9B2;&#x9C0; &#x993; &#x9B8;&#x9AE;&#x9BE;&#x99C; /</subfield>
    <subfield code="c">&#x9AA;&#x9CD;&#x9B0;&#x9AE;&#x9CB;&#x9A6;&#x9B0;&#x99E;&#x9CD;&#x99C;&#x9A8;  &#x9B8;&#x9C7;&#x9A8;&#x997;&#x9C1;&#x9AA;&#x9CD;&#x9A4;</subfield>
  </datafield>
  <datafield tag="260" ind1=" " ind2=" ">
    <subfield code="a">&#x995;&#x9B2;&#x995;&#x9BE;&#x9A4;&#x9BE;  :</subfield>
    <subfield code="b">&#x9A8;&#x9CD;&#x9AF;&#x9BE;&#x9B6;&#x9A8;&#x9BE;&#x9B2; &#x9AC;&#x9C1;&#x995; &#x98F;&#x99C;&#x9C7;&#x9A8;&#x9CD;&#x9B8;&#x9C0;,</subfield>
    <subfield code="c">&#x9E7;&#x9EF;&#x9EC;&#x9E6;.</subfield>
  </datafield>
  <datafield tag="300" ind1=" " ind2=" ">
    <subfield code="a">&#x9E7;&#x9ED;&#x9EE; &#x9AA;&#x9C3;. ; </subfield>
    <subfield code="c">&#x9E8;&#x9E8; &#x9B8;&#x9C7;&#x9AE;&#x9BF;.</subfield>
  </datafield>
  <datafield tag="500" ind1=" " ind2=" ">
    <subfield code="a">In Bengali.</subfield>
  </datafield>
  <datafield tag="504" ind1=" " ind2=" ">
    <subfield code="a">&#x9AC;&#x9BF;&#x9AC;&#x9B2;&#x9BF;&#x993;&#x997;&#x9CD;&#x9B0;&#x9BE;&#x9AB;&#x9BF; &#x993; &#x987;&#x9A8;&#x9A1;&#x9C7;&#x995;&#x9CD;&#x9B8; &#x986;&#x99B;&#x9C7;.</subfield>
  </datafield>
  <datafield tag="650" ind1=" " ind2="0">
    <subfield code="a">Indigo industry</subfield>
    <subfield code="z">India</subfield>
    <subfield code="z">Bengal</subfield>
    <subfield code="x">History.</subfield>
    <subfield code="9">119002</subfield>
  </datafield>
  <datafield tag="650" ind1=" " ind2="0">
    <subfield code="a">Plantations</subfield>
    <subfield code="z">India</subfield>
    <subfield code="z">Bengal</subfield>
    <subfield code="x">History.</subfield>
    <subfield code="9">119003</subfield>
  </datafield>
  <datafield tag="651" ind1=" " ind2="0">
    <subfield code="a">Bengal (India)</subfield>
    <subfield code="x">Social conditions.</subfield>
    <subfield code="9">119004</subfield>
  </datafield>
  <datafield tag="651" ind1=" " ind2="0">
    <subfield code="a">Bengal (India)</subfield>
    <subfield code="x">Economic conditions.</subfield>
    <subfield code="9">119005</subfield>
  </datafield>
  <datafield tag="942" ind1=" " ind2=" ">
    <subfield code="2">ddc</subfield>
    <subfield code="c">BK</subfield>
    <subfield code="0">1</subfield>
  </datafield>
  <datafield tag="999" ind1=" " ind2=" ">
    <subfield code="c">38555</subfield>
    <subfield code="d">38555</subfield>
  </datafield>
  <datafield tag="952" ind1=" " ind2=" ">
    <subfield code="0">0</subfield>
    <subfield code="1">0</subfield>
    <subfield code="2">ddc</subfield>
    <subfield code="4">0</subfield>
    <subfield code="7">0</subfield>
    <subfield code="8">NFIC</subfield>
    <subfield code="a">RUCL</subfield>
    <subfield code="b">RUCL</subfield>
    <subfield code="c">Stack</subfield>
    <subfield code="d">2016-05-10</subfield>
    <subfield code="l">1</subfield>
    <subfield code="o">B 954.1403  SEN 1960</subfield>
    <subfield code="r">2017-09-14 00:00:00</subfield>
    <subfield code="s">2017-09-10</subfield>
    <subfield code="t">C-2</subfield>
    <subfield code="w">2016-05-10</subfield>
    <subfield code="y">BK</subfield>
  </datafield>
</record>
